000 00731 a2200193 4500
003 NUST
005 20251121141956.0
040 _cNust
082 _a621.382,KHA
100 _aKhalid , Muhammad Bilal (TCC-17A)
_9131979
245 _aThink . Done A Brain computer interface (BCI) /
_cMuhammad Bilal Khalid, Intisar Rizwan-i- Haque, Sarmad Munir and Farhan Tahir
260 _aRawalpindi
_bMCS (NUST)
_c2009
300 _aix, 60 p.;
505 _aIntroduction (Page-1), Literature Review (Page-12), What we Have Done in each Module (Page-14), Applications (Page-62), References (Page-65).
650 _aUG Projects
_998716
651 _aTCC-17A
_9131971
700 _aSupervised by Dr. Naveed Rao
_9131980
942 _cPR
_2ddc
999 _c183881
_d183881